Camées et intailles. Tome I : (notice nᵒ 9069)
[ vue normale ]
| 000 -LEADER | |
|---|---|
| fixed length control field | 03095 a2200361 4500 |
| 001 - CONTROL NUMBER | |
| control field | OB-editionsbnf-550 |
| 003 - CONTROL NUMBER IDENTIFIER | |
| control field | FrMaCLE |
| 005 - DATE AND TIME OF LATEST TRANSACTION | |
| control field | 20251214082718.0 |
| 007 - PHYSICAL DESCRIPTION FIXED FIELD--GENERAL INFORMATION | |
| fixed length control field | cu ||||||m|||| |
| 008 - FIXED-LENGTH DATA ELEMENTS--GENERAL INFORMATION | |
| fixed length control field | 180916e||||||||xx |||||s|||||||||0|fr|d |
| 020 ## - INTERNATIONAL STANDARD BOOK NUMBER | |
| International Standard Book Number | 978-2-7177-2585-8 |
| 024 7# - OTHER STANDARD IDENTIFIER | |
| Standard number or code | 10.4000/books.editionsbnf.550 |
| Source of number or code | doi |
| 040 ## - CATALOGING SOURCE | |
| Original cataloging agency | FR-FrMaCLE |
| 041 ## - LANGUAGE CODE | |
| Language code of text/sound track or separate title | fra |
| 100 1# - MAIN ENTRY--PERSONAL NAME | |
| Personal name | Vollenweider, Marie-Louise |
| 245 10 - TITLE STATEMENT | |
| Title | Camées et intailles. Tome I : |
| Remainder of title | Les portraits grecs du Cabinet des médailles. Catalogue raisonné / |
| Statement of responsibility, etc. | Marie-Louise Vollenweider, Mathilde Avisseau-Broustet. |
| 260 ## - PUBLICATION, DISTRIBUTION, ETC. | |
| Place of publication, distribution, etc. | Paris : |
| Name of publisher, distributor, etc. | Éditions de la Bibliothèque nationale de France, |
| Date of publication, distribution, etc. | 2018. |
| 300 ## - PHYSICAL DESCRIPTION | |
| Extent | 2 vol. : 264, 123-VIII p. |
| 500 ## - GENERAL NOTE | |
| General note | Ebook |
| 520 ## - SUMMARY, ETC. | |
| Summary, etc. | Le Cabinet des médailles de la Bibliothèque nationale de France compte parmi ses trésors la plus importante collection de pierres gravées au monde (près de dix mille). Nombre d’entre elles, d’une qualité exceptionnelle, gravées pour des princes durant l’Antiquité, nous ont été transmises par les rois de France qui les firent orner de montures d’or décorées de pierres précieuses et d’émaux. C’est la plus éminente spécialiste de la glyptique antique, Marie-Louise Vollenweider, qui inaugure l’étude des pierres grecques et romaines avec le catalogue raisonné des portraits antiques, résultat de trente années de travail. Pour ce premier tome, consacré à la naissance du portrait et à son développement à l’époque hellénistique - qui sera suivi d’un second sur les portraits romains -, 283 camées et intailles ont été sélectionnés. D’une conception résolument nouvelle, ce catalogue ne se contente pas d’établir un classement des oeuvres, selon le style d’une époque et la manière d’un graveur, mais cherche à comprendre l’esprit du temps, le talent des graveurs et la psychologie des personnages représentés. Ceux-ci, restés jusqu’ici anonymes, ont retrouvé leur identité de princes et de princesses hellénistiques – ptolémaïques, séleucides, pontiques, cappadociens –, d’artisans ou de philosophes, mais aussi une vie nouvelle. Car pour Marie-Louise Vollenweider, le visage parle et elle en comprend parfaitement le langage. Notons aussi certaines attributions inédites à des artistes, dont la plus novatrice est celle d’un camée d’Alexandre le Grand au plus célèbre graveur de l’Antiquité, Pyrgotélès, connu par le témoignage de Pline l’Ancien, mais dont aucune œuvre n’avait été jusqu’à présent identifiée. Ce serait là le seul portrait du grand souverain réalisé de son vivant. |
| 540 ## - TERMS GOVERNING USE AND REPRODUCTION NOTE | |
| Terms governing use and reproduction | OpenEdition Books License |
| Uniform Resource Identifier | <a href="https://www.openedition.org/12554">https://www.openedition.org/12554</a> |
| 650 #4 - SUBJECT ADDED ENTRY--TOPICAL TERM | |
| Topical term or geographic name entry element | Art |
| Topical term or geographic name entry element | Classics |
| Topical term or geographic name entry element | History |
| Topical term or geographic name entry element | camée |
| Topical term or geographic name entry element | intaille |
| Topical term or geographic name entry element | portrait |
| Topical term or geographic name entry element | cornaline |
| Topical term or geographic name entry element | sardoine |
| 700 1# - ADDED ENTRY--PERSONAL NAME | |
| Personal name | Avisseau-Broustet, Mathilde |
| 776 ## - ADDITIONAL PHYSICAL FORM ENTRY | |
| International Standard Book Number | 978-2-7177-1915-4 |
| 856 4# - ELECTRONIC LOCATION AND ACCESS | |
| Data provenance | Vollenweider, Marie-Louise |
| Uniform Resource Identifier | <a href="https://books.openedition.org/editionsbnf/550">https://books.openedition.org/editionsbnf/550</a> |
| Link text | Camées et intailles. Tome I |
Pas d'exemplaire disponible.
